A textbook of Electric power distribution automation (Record no. 13562)

000 -LEADER
fixed length control field 00388nam a22001457a 4500
020 ## - INTERNATIONAL STANDARD BOOK NUMBER
International Standard Book Number 9789380386218
082 ## - DEWEY DECIMAL CLASSIFICATION NUMBER
Classification number 621.319 KHE
100 ## - MAIN ENTRY--PERSONAL NAME
Personal name M. K. Khedkar
245 ## - TITLE STATEMENT
Title A textbook of Electric power distribution automation
260 ## - PUBLICATION, DISTRIBUTION, ETC.
Place of publication, distribution, etc. New Delhi
Name of publisher, distributor, etc. University Science Press
Date of publication, distribution, etc. 2014
300 ## - PHYSICAL DESCRIPTION
Extent 218p.
Other physical details ill.;
650 ## - SUBJECT ADDED ENTRY--TOPICAL TERM
Topical term or geographic name entry element Electric power distribution
700 ## - ADDED ENTRY--PERSONAL NAME
Personal name G. M. Dhole
942 ## - ADDED ENTRY ELEMENTS (KOHA)
Koha item type Book
Holdings
Withdrawn status Lost status Damaged status Not for loan Collection code Permanent Location Current Location Shelving location Date acquired Source of acquisition Cost, normal purchase price Total Checkouts Full call number Barcode Date last seen Price effective from Koha item type
          Central Library (CL) Central Library (CL) General Stacks 04/15/2016 Allied Book Company 261.80   621.319 KHE SEECS013422 04/16/2016 04/16/2016 Book
© 2023 Central Library, National University of Sciences and Technology. All Rights Reserved.